000 00214nam a22000857a 4500
008 161121b xxu||||| |||| 00| 0 eng d
100 _91302
_aDixon.F.W.
245 _aThe Hardy Boys
260 _aNewyork
_bPocket Books
_c1988
999 _c4016
_d4016